书目信息 |
| 题名: |
列宁哲学笔记
|
|
| 作者: | ;中共中央马恩列斯著作编译局 译 | |
| 分册: | ||
| 出版信息: | 北京 人民出版社 1956.09 |
|
| 页数: | 535页 | |
| 开本: | 21cm | |
| 丛书名: | ||
| 单 册: | ||
| 中图分类: | A225 | |
| 科图分类: | ||
| 主题词: | 列字著作--单行本--1917年 | |
| 电子资源: | ||
| ISBN: | ||
| 000 | 00601nam0 2200193 45 | |
| 001 | 0181023586 | |
| 005 | 20070720092416.56 | |
| 010 | @dCNY1.80@b精装 | |
| 091 | @a1001.313 | |
| 100 | @a20810111d km y0chiy0120 ea | |
| 101 | 0 | @achi |
| 200 | 1 | @a列宁哲学笔记@ALie Ning Zhe Xue Bi Ji@f中共中央马恩列斯著作编译局译@FZhong Gong Zhong Yang Ma En Lie Si Zhu Zuo Bian Yi Ju Yi |
| 210 | @a北京@c人民出版社@d1956.09 | |
| 215 | @a535页@d21cm | |
| 606 | 0 | @a列字著作@x单行本@x1917年 |
| 690 | @aA225@v3 | |
| 711 | 02 | @a中共中央马恩列斯著作编译局@4译 |
| 801 | @aCN@bTSTC@c20070720 | |
| 905 | @dA225@f1@b202583@e29 | |
| 列宁哲学笔记/中共中央马恩列斯著作编译局译.-北京:人民出版社,1956.09 |
| 535页;21cm |
| ISBN (精装):CNY1.80 |
| ● |
| 相关链接 |
|
|
|
|
正题名:列宁哲学笔记
索取号:A225/29
 
预约/预借
| 序号 | 登录号 | 条形码 | 馆藏地/架位号 | 状态 | 备注 |
| 1 | 0202583 | 000950028 | 第一样本阅览室/ [索取号:A225/29] | 在馆 | |
| 2 | 0769635 | 207696359 | 密集书库/ [索取号:A225/29] | 在馆 |